[Event "FIDE World Blitz 2013"]
[Site "Khanty-Mansiysk RUS"]
[Date "2013.06.09"]
[Round "9.24"]
[White "Nadanian,A"]
[Black "Vallejo Pons,F"]
[Result "1-0"]
[WhiteElo "2428"]
[BlackElo "2706"]

1.e4 e6 2.d4 d5 3.Nc3 Bb4 4.Bd3 dxe4 5.Bxe4 Nf6 6.Bf3 O-O 7.Ne2 e5 8.dxe5 Qxd1+
9.Kxd1 Rd8+ 10.Ke1 Ng4 11.Bf4 Re8 12.e6 Bxe6 13.h3 Nf6 14.Bxb7 Bxc3+ 15.bxc3 Bd5
16.Bxa8 Bxa8 17.f3 Nbd7 18.Kf2 Nd5 19.Bd2 N7b6 20.Rhe1 f6 21.Nf4 Rd8 22.Ne6 Rd6
23.Rab1 Kf7 24.Nd4 Nc4 25.Rb8 Ndb6 26.Bf4 Rd7 27.Ree8 Bd5 28.g4 g6 29.Bh6 c5
30.Nb5 Re7 31.Rf8+ Ke6 32.Bf4 g5 33.Bg3 Kd7 34.Rxf6 a6 35.Rbxb6 Nxb6 36.Rxb6 axb5
37.Rd6+  1-0

[Event "FIDE World Blitz 2013"]
[Site "Khanty-Mansiysk RUS"]
[Date "2013.06.09"]
[Round "11.24"]
[White "Vallejo Pons,F"]
[Black "Salem,AR"]
[Result "1/2-1/2"]
[WhiteElo "2706"]
[BlackElo "2531"]

1.e4 c5 2.Nc3 Nc6 3.Nge2 d6 4.d4 cxd4 5.Nxd4 Nf6 6.Bg5 e6 7.Qd2 a6 8.O-O-O h6
9.Be3 Bd7 10.f3 Qc7 11.Kb1 Rb8 12.g4 Ne5 13.h4 b5 14.Bd3 g6 15.g5 hxg5 16.hxg5 Rxh1
17.Rxh1 Nh5 18.f4 Nc4 19.Bxc4 Qxc4 20.b3 Qc7 21.f5 b4 22.Na4 e5 23.Ne2 a5
24.Nb2 Rc8 25.Nc4 Bb5 26.Nb6 Bxe2 27.Qxe2 Ng3 28.Qb5+ Qc6 29.Qxc6+ Rxc6 30.Rh8 gxf5
31.Nd5 f4 32.Nf6+ Ke7 33.Bf2 Rc8 34.Bxg3 fxg3 35.Rh3 Ke6 36.Rxg3 Be7 37.Nd5 Rg8
38.c3 bxc3 39.Kc2 Rxg5 40.Rxg5 Bxg5 41.Kxc3 f5 42.Kd3 Bd8 43.a3 fxe4+ 44.Kxe4 Kd7
45.Kd3 Kc6 46.Kc4 Bh4 47.b4 axb4 48.axb4 Bf2 49.b5+ Kd7 50.Kd3 Ke6 51.Ke4 Bc5
52.Nc7+ Kd7 53.Nd5 Ke6 54.Nc7+  1/2-1/2

[Event "FIDE World Blitz 2013"]
[Site "Khanty-Mansiysk RUS"]
[Date "2013.06.09"]
[Round "12.24"]
[White "Salem,AR"]
[Black "Vallejo Pons,F"]
[Result "0-1"]
[WhiteElo "2531"]
[BlackElo "2706"]

1.d4 Nf6 2.c4 b6 3.f3 Nc6 4.d5 Ne5 5.e4 e6 6.Nc3 Bc5 7.Nh3 O-O 8.Be2 Ba6
9.Qa4 Qc8 10.Bg5 Ne8 11.Bf4 f6 12.Rd1 Ng6 13.Bc1 e5 14.Nf2 Nd6 15.O-O Bd4
16.Nb5 Bxb5 17.cxb5 f5 18.Rxd4 exd4 19.Qxd4 fxe4 20.fxe4 Qe8 21.b3 Qe5 22.Qxe5 Nxe5
23.Bb2 Ndf7 24.Rc1 Rac8 25.a4 c5 26.Ng4 d6 27.Nxe5 Nxe5 28.Bxe5 dxe5 29.Bg4 Rcd8
30.g3 Kf7 31.a5 Ke7 32.Ra1 Ra8 33.Kg2 Kd6 34.h4 a6 35.Be2 axb5 36.a6 c4 37.bxc4 b4
38.Bg4 Rf7 39.Ra4 Kc5 40.Be6 Rfa7 41.Ra1 Rxa6 42.Rb1 Ra1 43.Rb3 R8a3  0-1

[Event "FIDE World Blitz 2013"]
[Site "Khanty-Mansiysk RUS"]
[Date "2013.06.09"]
[Round "13.20"]
[White "Popov,Iv RUS"]
[Black "Vallejo Pons,F"]
[Result "1-0"]
[WhiteElo "2632"]
[BlackElo "2706"]

1.e4 e6 2.d4 d5 3.Nc3 Bb4 4.exd5 exd5 5.Bd3 Nf6 6.Ne2 O-O 7.O-O Bg4 8.f3 Bh5
9.Nf4 Bg6 10.Nxg6 hxg6 11.Bg5 c6 12.f4 Qb6 13.Ne2 Nh7 14.Bh4 f5 15.c4 dxc4
16.Bxc4+ Kh8 17.Kh1 Nd7 18.Ng1 Bd6 19.d5 cxd5 20.Qxd5 Ndf6 21.Bxf6 Nxf6 22.Qd3 Rad8
23.Qg3 Qd4 24.Bb3 Nh5 25.Qxg6 Nxf4 26.Qg5 Qf6 27.Nf3 Qh6 28.Rad1 Bc7 29.Rxd8 Rxd8
30.Qxf5 Ne2 31.Qh3 Qxh3 32.gxh3 Rf8 33.Bc4 Nf4 34.Ng5 Rf5 35.Nf7+ Kh7 36.Bd3 g6
37.Bxf5 gxf5 38.Ng5+ Kg6 39.h4 Kh5 40.Nf3 Nd3 41.b3 Nb4 42.a3 Nc2 43.Rc1  1-0

[Event "FIDE World Blitz 2013"]
[Site "Khanty-Mansiysk RUS"]
[Date "2013.06.09"]
[Round "14.20"]
[White "Vallejo Pons,F"]
[Black "Popov,Iv RUS"]
[Result "0-1"]
[WhiteElo "2706"]
[BlackElo "2632"]

1.e4 c5 2.Ne2 d6 3.g3 Nf6 4.Bg2 g6 5.c3 Bg7 6.d4 O-O 7.O-O Nbd7 8.h3 e5 9.dxc5 Nxc5
10.Bg5 Qb6 11.Bxf6 Bxf6 12.b3 Be6 13.c4 Bg7 14.Nbc3 f5 15.exf5 gxf5 16.Bd5 e4
17.Na4 Qa6 18.Bxe6+ Nxe6 19.Qd5 Rae8 20.Nf4 Rf6 21.c5 Kh8 22.Nxe6 Rexe6 23.Rad1 Qc6
24.Qxc6 bxc6 25.cxd6 Rxd6 26.Nb2 Rd5 27.Nc4 Bh6 28.Rde1 Rd3 29.Re2 Kg7 30.Kh2 f4
31.g4 e3 32.Ne5 f3 33.Rxe3 Bf4+ 34.Kh1 Rxe3  0-1

[Event "FIDE World Blitz 2013"]
[Site "Khanty-Mansiysk RUS"]
[Date "2013.06.09"]
[Round "15.25"]
[White "Vallejo Pons,F"]
[Black "Gordievsky,D"]
[Result "1-0"]
[WhiteElo "2706"]
[BlackElo "2474"]

1.e4 e6 2.d3 d5 3.Nd2 c5 4.Ngf3 Nc6 5.g3 Nf6 6.Bg2 g6 7.O-O Bg7 8.c3 O-O
9.e5 Nd7 10.d4 b6 11.Nb3 a5 12.Bg5 Qc7 13.Rc1 Ba6 14.Re1 h6 15.Bf4 a4 16.Nbd2 Qb7
17.a3 Bd3 18.h4 cxd4 19.cxd4 Na5 20.Bf1 Bxf1 21.Nxf1 Nb3 22.Rc3 Rac8 23.N1h2 Rxc3
24.bxc3 Rc8 25.Re3 Na5 26.Qxa4 Nc4 27.Re1 Ra8 28.Qc2 Rxa3 29.Ng4 h5 30.Nh6+ Bxh6
31.Bxh6 Qa8 32.Qc1 b5 33.Kg2 Qd8 34.Ng5 Qe7 35.Qc2 Nf8 36.Rb1 Ra5 37.Qc1 Nh7
38.Nf3 Qa3 39.Qe1 Qe7 40.Bg5 Nxg5 41.Nxg5 Kg7 42.Qe2 Qa7 43.Qf3 Qe7 44.Rb4 Kg8
45.g4 hxg4 46.Qxg4 Kg7 47.h5 Kh6 48.Nf3 Ra2 49.Qf4+ g5 50.Qc1 Kg7 51.Qxg5+ Qxg5+
52.Nxg5 Ra5 53.Kg3 Nd2 54.Rb2 Nc4 55.Rb1 Kg8 56.h6 Nd2 57.Rb2 Ne4+ 58.Nxe4 dxe4
59.Kf4 Kh7 60.Kxe4 Kxh6 61.f4 Kg6 62.Rg2+ Kh7 63.f5 exf5+ 64.Kxf5 Ra3 65.Kf6 Rxc3
66.Kxf7 Rf3+ 67.Ke6 b4 68.d5 b3 69.d6 Rc3 70.d7 Rd3 71.Ke7  1-0

[Event "FIDE World Blitz 2013"]
[Site "Khanty-Mansiysk RUS"]
[Date "2013.06.09"]
[Round "16.25"]
[White "Gordievsky,D"]
[Black "Vallejo Pons,F"]
[Result "0-1"]
[WhiteElo "2474"]
[BlackElo "2706"]

1.b3 e5 2.Bb2 Nc6 3.e3 d6 4.c4 g6 5.Nc3 Bg7 6.g3 h5 7.Nf3 Nh6 8.Qc2 Bf5 9.d3 Be6
10.Bg2 O-O 11.O-O Rb8 12.a3 f5 13.Rfe1 Kh8 14.b4 Bg8 15.b5 Ne7 16.Nd2 g5
17.Qd1 g4 18.f4 gxf3 19.Qxf3 h4 20.gxh4 Ng6 21.h5 Nh4 22.Qh3 Be6 23.Bd5 Bxd5
24.Nxd5 c6 25.Nc3 Rg8 26.Kh1 Ng4 27.Re2 Bh6 28.Nf3 Nxf3 29.Qxf3 Qh4 30.Rg1 Rg5
31.Qg3 Qxh5 32.Nd1 Rbg8 33.Rge1 Kh7 34.bxc6 bxc6 35.Qf3 Qh4 36.Qg3 Qh5 37.Qf3 Qg6
38.Nf2 Nxf2+ 39.Qxf2 Qh5 40.Rf1 d5 41.cxd5 cxd5 42.e4 dxe4 43.dxe4 f4 44.Qxa7+ R8g7
45.Qf2 f3 46.Re3 Rg2 47.Qxf3 Qxh2+  0-1

[Event "FIDE World Blitz 2013"]
[Site "Khanty-Mansiysk RUS"]
[Date "2013.06.10"]
[Round "17.20"]
[White "Georgiev,Ki"]
[Black "Vallejo Pons,F"]
[Result "0-1"]
[WhiteElo "2636"]
[BlackElo "2706"]

1.Nf3 Nf6 2.c4 b6 3.d4 e6 4.Nc3 Bb7 5.a3 g6 6.d5 Bg7 7.g3 O-O 8.Bg2 exd5
9.cxd5 c6 10.O-O cxd5 11.Bg5 Na6 12.Rc1 Nc7 13.Qd2 Ne6 14.Bh6 Bxh6 15.Qxh6 Rc8
16.Rfd1 Rc5 17.Nd4 Qe7 18.b4 Rc4 19.Nb3 d4 20.Nb5 Rxc1 21.Qxc1 Rc8 22.Qb2 Bxg2
23.Kxg2 Ng5 24.N5xd4 Ng4 25.h3 Qe4+ 26.Nf3 Rc2 27.Qd4 Qxe2 28.Nxg5 Ne3+ 29.Qxe3 Qxe3  0-1

[Event "FIDE World Blitz 2013"]
[Site "Khanty-Mansiysk RUS"]
[Date "2013.06.10"]
[Round "20.12"]
[White "Grachev,B"]
[Black "Vallejo Pons,F"]
[Result "0-1"]
[WhiteElo "2683"]
[BlackElo "2706"]

1.d4 Nf6 2.Nf3 e6 3.Bf4 b6 4.e3 Bb7 5.h3 d6 6.Bh2 Nbd7 7.Be2 g6 8.O-O Bg7
9.a4 a5 10.c3 O-O 11.Nfd2 e5 12.Bf3 Bxf3 13.Nxf3 Qe7 14.Na3 Kh8 15.Qb3 Rac8
16.Rfd1 Ne4 17.Qd5 f5 18.Qc6 g5 19.dxe5 Nxe5 20.Nxe5 Bxe5 21.Bxe5+ Qxe5 22.Qd5 Qg7
23.Qd4 Rf6 24.Nc4 Rcf8 25.Nd2 Nc5 26.e4 fxe4 27.Nxe4 Nxe4 28.Qxe4 Rxf2 29.Rf1 Qf6
30.Rxf2 Qxf2+ 31.Kh1 Kg7 32.b4 Qf4 33.Qe1 Qe5 34.Qc1 Rf2 35.bxa5 Qg3 36.Qg1 bxa5
37.Rf1 Rf4 38.Rxf4 Qxf4 39.Qa7 Qc1+ 40.Kh2 Qxc3 41.Kh1 Qc1+ 42.Kh2 Qf4+ 43.Kh1 Qc1+
44.Kh2 Qc5 45.Qa8 h6 46.Qd8 Qe5+ 47.Kh1 Qe1+ 48.Kh2 Qe5+ 49.Kh1 d5 50.Qd7+ Kg6
51.Qc6+ Qd6 52.Qe8+ Kg7 53.Qb5 d4 54.Qxa5 d3 55.Qd2 c5 56.a5 c4 57.Qc3+ Kg6
58.Qxc4 d2 59.Qc2+ Kg7 60.Qd1 Qd4 61.a6 Qc3 62.a7 Qc1 63.a8=Q Qxd1+ 64.Kh2 Qe2
65.Qb7+ Kf6 66.Qc6+ Qe6 67.Qf3+ Ke7 68.Qb7+ Qd7 69.Qe4+ Kf6 70.Qf3+ Kg6 71.Qe4+ Kg7
72.Qe5+ Kf7 73.Qh8 Qd6+ 74.g3 d1=Q 75.Qh7+ Ke8 76.Qg8+ Kd7 77.Qf7+ Qe7 78.Qf5+ Qe6
79.Qb5+ Qc6 80.Qf5+ Kc7 81.Qa5+ Qb6 82.Qe5+ Qdd6 83.Qg7+ Qd7 84.Qe5+ Kb7
85.Qe4+ Qbc6 86.Qb4+ Qb5 87.Qe4+ Qdd5 88.Qe7+ Ka6 89.Qf6+ Ka5 90.Qa1+ Qa4
91.Qc3+ Qb4 92.Qc7+ Ka4  0-1

[Event "FIDE World Blitz 2013"]
[Site "Khanty-Mansiysk RUS"]
[Date "2013.06.10"]
[Round "25.9"]
[White "Vallejo Pons,F"]
[Black "Najer,E"]
[Result "1/2-1/2"]
[WhiteElo "2706"]
[BlackElo "2633"]

1.e4 c5 2.Nc3 Nc6 3.Nf3 d6 4.d4 cxd4 5.Nxd4 Nf6 6.Bg5 e6 7.Qd2 a6 8.O-O-O h6
9.Be3 Qc7 10.f3 Rb8 11.Kb1 Be7 12.g4 Ne5 13.h4 b5 14.Bd3 Nfd7 15.g5 Nb6 16.gxh6 Nbc4
17.Bxc4 Nxc4 18.Qg2 g6 19.Bc1 b4 20.Nce2 e5 21.h5 exd4 22.Nxd4 g5 23.Bxg5 Be6
24.Bxe7 Kxe7 25.Qg5+ Kd7 26.f4 Rbg8 27.Qg7 Kc8 28.f5 Bd7 29.Qxf7 Rf8 30.Qg7 Ne5
31.Rhg1 Kb8 32.c3 bxc3 33.Rc1 Qb7 34.Rxc3 Qxe4+ 35.Nc2 Rc8 36.Qf6  1/2-1/2

[Event "FIDE World Blitz 2013"]
[Site "Khanty-Mansiysk RUS"]
[Date "2013.06.10"]
[Round "29.11"]
[White "Vallejo Pons,F"]
[Black "Akopian,Vl"]
[Result "0-1"]
[WhiteElo "2706"]
[BlackElo "2691"]

1.e4 c5 2.Nf3 Nc6 3.Nc3 Nf6 4.Bb5 Qc7 5.d3 e6 6.O-O d6 7.Bxc6+ Qxc6 8.Bg5 Be7
9.Nd2 h6 10.Bh4 O-O 11.f4 Qc7 12.Qe1 a6 13.Kh1 b5 14.f5 exf5 15.Bxf6 Bxf6
16.Nd5 Qd8 17.exf5 Bb7 18.c4 Bxd5 19.cxd5 Bxb2 20.Rd1 Bc3 21.f6 Bxf6 22.Ne4 Be5
23.Nxc5 dxc5 24.Qxe5 Re8 25.Qf5 Ra7 26.Rc1 Qd6 27.Rce1 Rae7 28.Re4 f6 29.Rfe1 Re5
30.Qg6 Qxd5 31.Qxe8+ Rxe8 32.Rxe8+ Kh7 33.R8e7 Qxa2 34.h3 b4 35.Rc7 b3 36.Ree7 Qa1+
37.Kh2 f5 38.Rb7 Qf6 39.Red7 Qe5+ 40.g3 b2 41.d4 Qe2+ 42.Kg1 Qe3+ 43.Kg2 b1=Q
44.Rxg7+ Kh8 45.Rh7+ Kg8 46.Rbg7+ Kf8 47.Rf7+ Ke8  0-1

[Event "FIDE World Blitz 2013"]
[Site "Khanty-Mansiysk RUS"]
[Date "2013.06.10"]
[Round "30.11"]
[White "Akopian,Vl"]
[Black "Vallejo Pons,F"]
[Result "1-0"]
[WhiteElo "2691"]
[BlackElo "2706"]

1.Nf3 Nf6 2.g3 d5 3.Bg2 c6 4.O-O Bf5 5.c4 e6 6.cxd5 exd5 7.d3 Bc5 8.Qb3 Bb6
9.Nc3 O-O 10.Na4 Nbd7 11.Nxb6 axb6 12.Be3 Re8 13.Rfe1 h6 14.a4 Rxe3 15.fxe3 Nc5
16.Qb4 Qe7 17.Qf4 Bh7 18.Qe5 Qd7 19.Nd4 Re8 20.Qf4 Qe7 21.a5 g5 22.Qf3 bxa5
23.Rxa5 Ncd7 24.Rf1 Qb4 25.Raa1 Qd2 26.Rad1 Qb4 27.Bh3 Qe7 28.Bxd7 Nxd7 29.Nf5 Bxf5
30.Qxf5 Qxe3+ 31.Kh1 Re7 32.Rde1 Kg7 33.Qf2 Qe5 34.e4 d4 35.Qd2 Qe6 36.Rf5 Ne5
37.Ref1 Qb3 38.Qf2 c5 39.Rxe5  1-0

[Event "Gibraltar Masters 2014"]
[Site "Caleta ENG"]
[Date "2014.01.28"]
[Round "1.8"]
[White "Vallejo Pons,F"]
[Black "Maisuradze,N"]
[Result "1-0"]
[WhiteElo "2707"]
[BlackElo "2279"]

1.e4 c5 2.Nc3 Nc6 3.Nf3 e5 4.Bc4 d6 5.d3 Be7 6.a3 Nf6 7.Bg5 O-O 8.Bxf6 Bxf6
9.Nd5 Be6 10.O-O Bxd5 11.Bxd5 Qd7 12.a4 Ne7 13.Bc4 d5 14.exd5 Nxd5 15.Re1 Qd6
16.Nd2 Nf4 17.Ne4 Qc6 18.Qf3 Be7 19.g3 Ne6 20.c3 Kh8 21.Qf5 Nc7 22.Qxe5 Rae8
23.Qf5 g6 24.Qf4 f5 25.Nd2 Bd6 26.Qh6 f4 27.Re4 a6 28.a5 Nd5 29.Rxe8 Rxe8
30.Ne4 fxg3 31.hxg3 Re5 32.Ng5 Qd7 33.Bxd5 Rxd5 34.Re1 Kg8 35.Nxh7 Qf5 36.Re8+ Kf7
37.Re3 Qh5 38.Qxh5 Rxh5 39.Rf3+ Rf5 40.Ng5+ Kg7 41.Rxf5 gxf5 42.d4 Kf6 43.Nf3 cxd4
44.Nxd4 Ke5 45.Kf1 Bc7 46.b4 f4 47.g4 Kd5 48.Ke2 Kc4 49.Kd2 Be5 50.f3 Bf6
51.Kc2 Kd5  1-0

[Event "Gibraltar Masters 2014"]
[Site "Caleta ENG"]
[Date "2014.01.29"]
[Round "2.8"]
[White "Pardo Simon,D"]
[Black "Vallejo Pons,F"]
[Result "0-1"]
[WhiteElo "2451"]
[BlackElo "2707"]

1.d4 Nf6 2.c4 e6 3.Nc3 Bb4 4.e3 O-O 5.Bd3 d5 6.Nf3 b6 7.O-O c5 8.a3 Bxc3
9.bxc3 dxc4 10.Bxc4 Nbd7 11.Qe2 Bb7 12.Bd3 Ne4 13.Bb2 f5 14.Rad1 Qc7 15.c4 Rae8
16.Ne5 Nxe5 17.dxe5 Ng5 18.f3 Rd8 19.Bc2 Bc6 20.Rxd8 Rxd8 21.Rd1 Rxd1+ 22.Qxd1 Nf7
23.Qe1 h6 24.Bc3 g5 25.f4 Qb7 26.Qe2 Be4 27.h3 h5 28.Ba4 g4 29.Be8 Kf8 30.Bxf7 Kxf7
31.Qe1 Qe7 32.Qd1 Ke8 33.Kh2 Qd8 34.Qa4+ Qd7 35.Qa6 Bc6 36.Kg3 Qb7 37.Qxb7 Bxb7
38.Bd2 Kf7 39.Bc3 Be4 40.hxg4 hxg4 41.Kf2 Bd3 42.Kg3 Ke8 43.Kh4 Kd7 44.g3 Bxc4
45.e4 Bd3  0-1

[Event "Gibraltar Masters 2014"]
[Site "Caleta ENG"]
[Date "2014.01.30"]
[Round "3.5"]
[White "Vallejo Pons,F"]
[Black "Spraggett,K"]
[Result "1/2-1/2"]
[WhiteElo "2707"]
[BlackElo "2544"]

1.e4 d6 2.d4 Nf6 3.Nc3 g6 4.Bg5 c6 5.Qd2 b5 6.Bd3 Bg7 7.f4 O-O 8.Nf3 Bg4
9.f5 b4 10.Ne2 d5 11.h3 dxe4 12.hxg4 exd3 13.Bxf6 exf6 14.Qxd3 Re8 15.Kf2 Nd7
16.Rh3 Qe7 17.a3 a5 18.axb4 Qxb4 19.b3 Re7 20.Rhh1 Rae8 21.Rae1 Nb6 22.Nc3 a4
23.Nxa4 Nxa4 24.bxa4 Qxa4 25.Rxe7 Rxe7 26.Qd2 Qb5 27.Re1 Rxe1 28.Qxe1 Bf8
29.Qe2 Qd5 30.c4 Qd7 31.Qe4 Bd6 32.c5 Bc7 33.Nd2 Kg7 34.Nc4 g5 35.Ke2 Qd8
36.Kf3 Bf4 37.Nb6 Bc7 38.Qxc6 Bxb6 39.Qxb6 Qxd4 40.Qd6 Qc3+ 41.Kf2 Qb4 42.Qd5 Qf4+
43.Ke1 Qb4+ 44.Kd1 Qxg4+ 45.Kc1 Qf4+ 46.Kc2 Qa4+ 47.Kc3 Qa3+ 48.Kc2  1/2-1/2

[Event "Gibraltar Masters 2014"]
[Site "Caleta ENG"]
[Date "2014.01.31"]
[Round "4.12"]
[White "Gopal,G"]
[Black "Vallejo Pons,F"]
[Result "0-1"]
[WhiteElo "2550"]
[BlackElo "2707"]

1.e4 e6 2.d3 d5 3.Qe2 Nc6 4.Nf3 d4 5.e5 Qd5 6.c4 Qa5+ 7.Bd2 Qb6 8.Bc1 f6
9.exf6 Bb4+ 10.Nbd2 Nxf6 11.g3 Bxd2+ 12.Nxd2 e5 13.Bg2 Bg4 14.f3 Bh5 15.O-O O-O
16.a3 a5 17.Rb1 Rae8 18.b3 Kh8 19.Kh1 Ne7 20.Ne4 Nxe4 21.Qxe4 Nf5 22.b4 Ne3
23.Bxe3 Bg6 24.Qd5 dxe3 25.c5 c6 26.Qd6 Qb5 27.Rfe1 Rd8 28.Qxe5 Rfe8 29.Qf4 Qxd3
30.Rbc1 a4 31.Ra1 Qc3 32.h4 h6 33.g4 e2 34.Rac1 Qxa3 35.h5 Bh7 36.Kh2 Qb2
37.Kg3 a3 38.g5 hxg5 39.Qxg5 a2 40.h6 gxh6 41.Qxh6 Qe5+ 42.Kf2 Qd4+  0-1

[Event "Gibraltar Masters 2014"]
[Site "Caleta ENG"]
[Date "2014.02.04"]
[Round "8.9"]
[White "Vallejo Pons,F"]
[Black "Anton Guijarro,D"]
[Result "0-1"]
[WhiteElo "2707"]
[BlackElo "2557"]

1.e4 c5 2.Nf3 Nc6 3.d4 cxd4 4.Nxd4 e5 5.Nb5 d6 6.N1c3 a6 7.Na3 b5 8.Nd5 Nce7
9.c4 Nxd5 10.exd5 bxc4 11.Nxc4 Be7 12.Bd2 a5 13.Qb3 a4 14.Qb6 Nf6 15.Qxd8+ Kxd8
16.Nb6 Rb8 17.Ba5 Bd7 18.b3 Ke8 19.Nxd7 Kxd7 20.bxa4 Nxd5 21.Bc4 Nf6 22.Bxf7 d5
23.Rd1 Kd6 24.f4 exf4 25.Bd2 g5 26.h4 h6 27.Bc3 Rhf8 28.hxg5 hxg5 29.Bxf6 Rxf7
30.Bc3 Ke6 31.Rh6+ Kf5 32.Rxd5+ Kg4 33.Rd7 Rc8 34.Bd2 Rc2 35.Rb6 Rh7 36.Ke2 Bc5
37.Rxh7 Bxb6 38.Ke1 Rxa2 39.a5 Bc5 40.Rc7 Bd4 41.Rd7 Bg1 42.Rd3 Bh2 43.Kd1 Ra1+
44.Kc2 Bg1 45.Kb2 Ra4 46.Kc2 Ba7 47.Rd5 Ra1 48.Bc1 Be3 49.Bb2 Rg1 50.a6 Rxg2+
51.Kb3 Rh2 52.Bf6 Rh5 53.Re5 Ba7 54.Kc4 f3 55.Re1 f2 56.Rd1 Kf3  0-1

[Event "Gibraltar Masters 2014"]
[Site "Caleta ENG"]
[Date "2014.02.05"]
[Round "9.21"]
[White "Docx,S"]
[Black "Vallejo Pons,F"]
[Result "1-0"]
[WhiteElo "2468"]
[BlackElo "2707"]

1.d4 d6 2.e4 g6 3.Nf3 Bg7 4.Bc4 Nf6 5.Qe2 O-O 6.O-O Bg4 7.Rd1 Nc6 8.c3 e5
9.h3 Bxf3 10.Qxf3 Nd7 11.Be3 Kh8 12.Bb5 f5 13.exf5 gxf5 14.Bxc6 bxc6 15.Qxc6 f4
16.Bc1 Rb8 17.Na3 f3 18.g3 Qc8 19.Kh2 exd4 20.cxd4 Rb4 21.Be3 Rxb2 22.Nc4 Nb8
23.Qa4 Re2 24.Rac1 Bh6 25.Rf1 Rf6 26.d5 Nd7 27.Rc3 Bxe3 28.Rxe3 Nc5 29.Qd1 Ne4
30.Rxf3 Nxf2 31.Qxe2 Qxh3+ 32.Kg1  1-0

[Event "Gibraltar Masters 2014"]
[Site "Caleta ENG"]
[Date "2014.02.06"]
[Round "10.38"]
[White "Vallejo Pons,F"]
[Black "Wemmers,X"]
[Result "1-0"]
[WhiteElo "2707"]
[BlackElo "2348"]

1.Nf3 Nf6 2.c4 e6 3.Nc3 d5 4.d4 Bb4 5.Qa4+ Nc6 6.e3 O-O 7.Bd2 Qe8 8.Qc2 dxc4
9.Bxc4 e5 10.d5 Ne7 11.O-O Bd6 12.e4 Ng6 13.Bd3 a6 14.h3 Nh5 15.Ne2 h6 16.Rfe1 Qd8
17.Be3 Qf6 18.Nh2 Nhf4 19.Bxf4 exf4 20.Nf3 Re8 21.Ned4 Bd7 22.Rac1 Rac8 23.Qb3 Be5
24.Nxe5 Nxe5 25.Be2 Ng6 26.Nf3 b5 27.Bf1 c5 28.Qa3 Qd6 29.Rc2 Ne5 30.Nd2 Qb6
31.b3 Qg6 32.Kh1 f3 33.Re3 fxg2+ 34.Bxg2 Qh5 35.Qc1 Ng4 36.Rf3 Ne5 37.Rg3 Ng6
38.Nf1 Nh4 39.Qf4 c4 40.bxc4 bxc4 41.Rcc3 Bb5 42.Rg4 Ng6 43.Qd2 Ne5 44.Rgg3  1-0

[Event "TCh-CAT 2014"]
[Site "Catalonia ESP"]
[Date "2014.02.22"]
[Round "5.4"]
[White "Vallejo Pons,F"]
[Black "Georgiev,Ki"]
[Result "1/2-1/2"]
[WhiteElo "2707"]
[BlackElo "2653"]

1.e4 e5 2.Nf3 Nc6 3.Bb5 Nf6 4.d3 Bc5 5.Bxc6 dxc6 6.Nbd2 Be6 7.O-O Qd6 8.b3 Nd7
9.Ng5 f6 10.Nxe6 Qxe6 11.Nc4 O-O 12.Be3 a5 13.a4 b6 14.Qe2 Rae8 15.Rae1 Bb4
16.Bd2 Bxd2 17.Qxd2 c5 18.g3 Nb8 19.Ne3 Nc6 20.f4 Qd7 21.Qg2 Kf7 22.g4 Ke7
23.fxe5 fxe5 24.Qh3 Kd8 25.Qxh7 Nd4 26.Rxf8 Rxf8 27.Rf1 Rxf1+ 28.Kxf1 Qf7+
29.Ke1 Qf4 30.Qg8+ Kd7 31.Qxg7+ Kc6 32.Nd5 Nxc2+ 33.Kd1 Ne3+ 34.Nxe3 Qxe3
35.Qf6+ Kb7 36.Qf1 Qh6 37.Qg2 Qe3 38.Qf1 Qh6 39.h3 Qe3 40.Kc2 Qg3 41.Kd2 Qh2+
42.Ke3 Qg3+ 43.Ke2 Qh2+ 44.Kf3 b5 45.axb5 Qc2 46.g5 Qxb3 47.Kg4 a4 48.g6 a3
49.Qf7 Qxd3 50.g7 Qxe4+ 51.Kg5 Qg2+ 52.Kh4 a2 53.g8=Q Qxg8 54.Qxg8 a1=Q 55.Qd5+ Kb8
56.Qd8+ Kb7 57.Qd5+ Kb8 58.Qd8+  1/2-1/2

[Event "TCh-CAT 2014"]
[Site "Catalonia ESP"]
[Date "2014.03.29"]
[Round "10.1"]
[White "Vallejo Pons,F"]
[Black "Narciso Dublan,M"]
[Result "1/2-1/2"]
[WhiteElo "2707"]
[BlackElo "2521"]

1.e4 c6 2.Nc3 d5 3.Nf3 dxe4 4.Nxe4 Nf6 5.Qe2 Nxe4 6.Qxe4 Qd5 7.Qf4 Qf5 8.Qe3 Qe6
9.b3 Qxe3+ 10.fxe3 Bf5 11.Bb2 Nd7 12.O-O-O e6 13.Be2 Be7 14.Kb1 O-O 15.g4 Be4
16.d3 Bxf3 17.Bxf3 Bf6 18.d4 Rfe8 19.h4 g6 20.c4 Rad8 21.Bg2 Bg7 22.e4 c5
23.dxc5 Nxc5 24.e5 Nd3 25.Bxb7 Nxb2 26.Kxb2 Bxe5+ 27.Ka3 Kf8 28.c5 Ke7 29.b4 Rxd1
30.Rxd1 Rd8 31.Bf3 Rxd1 32.Bxd1 f5 33.h5 fxg4 34.Bxg4 gxh5 35.Bxh5 Bc3 36.Kb3 Be1
37.Kc4 Kd8 38.Bg4 e5 39.Bf5 h5 40.a4 Kc7 41.a5 a6 42.b5 Bxa5 43.bxa6 Kb8
44.Kb5 Bd8 45.Kc6 h4 46.Kd7 Ba5 47.c6 Ka7 48.c7 Bxc7 49.Kxc7 Kxa6 50.Kd6  1/2-1/2

[Event "TCh-CAT 2014"]
[Site "Barcelona ESP"]
[Date "2014.04.05"]
[Round "11.1"]
[White "Alsina Leal,D"]
[Black "Vallejo Pons,F"]
[Result "0-1"]
[WhiteElo "2553"]
[BlackElo "2707"]

1.e4 c5 2.Nc3 a6 3.Nge2 d6 4.g3 g6 5.Bg2 Bg7 6.d4 cxd4 7.Nxd4 Nf6 8.O-O Bg4
9.Qd2 Bd7 10.b3 Nc6 11.Nce2 h5 12.Bb2 h4 13.c4 Ne5 14.f4 h3 15.Bh1 Neg4 16.b4 O-O
17.c5 Re8 18.e5 dxe5 19.fxe5 Nxe5 20.Bxb7 Nc4 21.Qc3 Nxb2 22.Qxb2 e5 23.Nc6 Qc7
24.Bxa8 Rxa8 25.Na5 Ng4 26.Qb3 Be6 27.Qf3 Rb8 28.Qc6 Qd8 29.Qd6 Bh6 30.Rf3 Qe8
31.Nc6 Bf8 32.Qxb8 Qxc6 33.Raf1 Qe4 34.R1f2 Bd5 35.Nc3 Qe1+ 36.Rf1 Qd2 37.R1f2 Nxf2
38.Rxf2 Qe1+ 39.Rf1 Qxc3 40.Qd8 Qe3+ 41.Rf2 Qe4 42.Rd2  0-1

[Event "14th BCC Open 2014"]
[Site "Bangkok THA"]
[Date "2014.04.12"]
[Round "1.1"]
[White "Vallejo Pons,F"]
[Black "Tuorila,K"]
[Result "1-0"]
[WhiteElo "2693"]
[BlackElo "2104"]

1.e4 g6 2.d4 Bg7 3.Nc3 c6 4.Bc4 b5 5.Bb3 b4 6.Na4 a5 7.Nf3 Ba6 8.Nc5 d6 9.Bxf7+ Kxf7
10.Ng5+ Ke8 11.Nce6 Qb6 12.Nxg7+ Kf8 13.Qf3+ Nf6 14.N7e6+ Ke8 15.e5 dxe5
16.dxe5 Nd5 17.Be3 Qb5 18.O-O-O a4 19.Nc7+  1-0

[Event "14th BCC Open 2014"]
[Site "Bangkok THA"]
[Date "2014.04.13"]
[Round "2.1"]
[White "Borsos,B"]
[Black "Vallejo Pons,F"]
[Result "0-1"]
[WhiteElo "2247"]
[BlackElo "2693"]

1.e4 e5 2.Nf3 Nc6 3.Bb5 a6 4.Bxc6 dxc6 5.O-O Be7 6.d3 f6 7.b3 c5 8.Na3 Bg4
9.Nc4 Qd7 10.h3 Be6 11.Qe1 h5 12.Bb2 O-O-O 13.Qe3 Nh6 14.Nfd2 g5 15.b4 g4
16.h4 g3 17.f3 cxb4 18.a3 Qc6 19.axb4 Bxb4 20.Ba3 Bc3 21.Bc5 b6 22.Rxa6 Bxc4
23.Nxc4 Qxc5 24.Qxc5 bxc5 25.Rxf6 Bd4+ 26.Kh1 Ng4  0-1

[Event "14th BCC Open 2014"]
[Site "Bangkok THA"]
[Date "2014.04.13"]
[Round "3.1"]
[White "Vallejo Pons,F"]
[Black "Nouri,H"]
[Result "1-0"]
[WhiteElo "2693"]
[BlackElo "2355"]

1.e4 c5 2.Nc3 Nc6 3.Bb5 Nd4 4.Nf3 e6 5.O-O a6 6.Bd3 Nxf3+ 7.Qxf3 Bd6 8.Qe3 Qc7
9.Kh1 Bf4 10.Qh3 b5 11.Ne2 Bd6 12.c3 g5 13.Bb1 h5 14.d4 g4 15.Qh4 Bb7 16.f3 Be7
17.Qf2 Nh6 18.Bf4 d6 19.Qe3 Bf8 20.Bg5 Ng8 21.a4 Bh6 22.Bd3 c4 23.Bc2 Qd8
24.f4 f6 25.Bh4 Qb6 26.b3 Ne7 27.Bxf6 Rf8 28.Bg5 Bxg5 29.fxg5 Rxf1+ 30.Rxf1 Qc6
31.b4 O-O-O 32.a5 h4 33.Qf4 h3 34.Qxg4 hxg2+ 35.Kxg2 Kb8 36.Qxe6 Re8 37.Ng3 Bc8
38.Qf7 Qd7 39.Qh7 Qg4 40.Qh5 Qd7 41.Rf7 Qe6 42.Rf6 Qd7 43.Bd1 Rg8 44.Qh6 Qe8
45.Bh5 Qd7 46.Bf3 Rd8 47.Qh7 Re8 48.Nf5 d5 49.Nd6 Rg8 50.Nxc8 Rxg5+ 51.Kf2 Kxc8
52.Rf8+ Kc7 53.Rf7 Kd8 54.Qh8+  1-0

[Event "14th BCC Open 2014"]
[Site "Bangkok THA"]
[Date "2014.04.14"]
[Round "4.1"]
[White "Venkatesh,M"]
[Black "Vallejo Pons,F"]
[Result "0-1"]
[WhiteElo "2515"]
[BlackElo "2693"]

1.Nf3 c5 2.b3 d6 3.e3 e5 4.d4 cxd4 5.exd4 e4 6.Bb5+ Bd7 7.Bxd7+ Nxd7 8.Qe2 d5
9.c4 Ngf6 10.cxd5 Bb4+ 11.Bd2 O-O 12.Ne5 Bd6 13.Nc4 Nb6 14.Nc3 Nbxd5 15.Nxd5 Nxd5
16.O-O Re8 17.Rad1 Bc7 18.Ne5 f6 19.Nc4 Qd7 20.Ne3 Nf4 21.Qc4+ Kh8 22.Qc5 Rad8
23.Kh1 Nd3 24.Qxa7 Bxh2 25.Kxh2 Ra8 26.Qb6 Ra6 27.Qxa6 bxa6 28.d5 f5 29.f4 Rc8
30.Nc4 Qxd5 31.Nb6 Qb7 32.Nxc8 Qxc8 33.Be3 h6 34.Rc1 Nxc1 35.Rxc1 Qd8 36.Kg3 Qa5
37.Rc2 Qe1+ 38.Bf2 Qd1 39.Rc3 Qg4+ 40.Kh2 Qxf4+ 41.Bg3 Qg4 42.Be5 f4  0-1

[Event "14th BCC Open 2014"]
[Site "Bangkok THA"]
[Date "2014.04.15"]
[Round "5.1"]
[White "Vallejo Pons,F"]
[Black "Gomez,Joh"]
[Result "1/2-1/2"]
[WhiteElo "2693"]
[BlackElo "2524"]

1.Nf3 d5 2.e3 Nf6 3.c4 c6 4.Nc3 Bf5 5.d4 e6 6.Nh4 Be4 7.f3 Bg6 8.Qb3 Qc7
9.Bd2 Be7 10.g3 a6 11.Rc1 dxc4 12.Bxc4 Nbd7 13.Be2 e5 14.Nxg6 hxg6 15.d5 Nc5
16.Qc2 e4 17.O-O exf3 18.Bxf3 O-O 19.dxc6 bxc6 20.Na4 Rad8 21.Nxc5 Bxc5 22.Rf2 Ba7
23.Kg2 g5 24.Qxc6 Qb8 25.Rc4 Rd6 26.Qc7  1/2-1/2

[Event "14th BCC Open 2014"]
[Site "Bangkok THA"]
[Date "2014.04.16"]
[Round "6.1"]
[White "Vallejo Pons,F"]
[Black "Atalik,S"]
[Result "1-0"]
[WhiteElo "2693"]
[BlackElo "2562"]

1.e4 e5 2.Nf3 Nc6 3.Bb5 a6 4.Ba4 Nf6 5.O-O Be7 6.Re1 b5 7.Bb3 O-O 8.c3 d5
9.exd5 Nxd5 10.Nxe5 Nxe5 11.Rxe5 c6 12.d3 Bd6 13.Re1 Bf5 14.Qf3 Qf6 15.Bxd5 cxd5
16.Be3 Qe5 17.g3 Bxd3 18.Nd2 Rfe8 19.Kg2 Be4 20.Nxe4 dxe4 21.Qe2 Bf8 22.Rad1 Qe6
23.a3 Rad8 24.Rxd8 Rxd8 25.Rd1 Rxd1 26.Qxd1 f6 27.a4 Qc4 28.a5 b4 29.b3 Qb5
30.c4 Qxa5 31.c5 Qc7 32.Qd5+ Qf7 33.Qxe4 f5 34.Qxb4 g5 35.h3 f4 36.gxf4 gxf4
37.Qxf4 Qxf4 38.Bxf4 Bxc5 39.Be3 Bb4 40.Kf3 Kf7 41.Ke4 Ke6 42.f4 Bc3 43.Bd4 Be1
44.Be5 h5 45.f5+ Kf7 46.Kd3 Ke7 47.Kc4 Kd7 48.Bc3 Bf2 49.Kd5 Bh4 50.f6 Bg5
51.Ke5 Bh6 52.Bb4  1-0